00620nam a2200169 i 450000100060000000300090000600500170001500700030003200800410003510000280007624500900010426000580019430000290025285200310028199900170031295201210032987433ES-MaACL20230906175654.0t|041221s1957 sp ||||1| ger d1 aKucera, Enrique.96894510aBuch des reisenden b: die Costa Brava, die spanische Riviera /cvon Heinrich Kucera. aBarcelona : bEnrique Kucera, c[1957] (fS.A.D.A.G.) a63 p. : bil. ; c14 cm. aES-MaACLjD-6222 bR.41044 c87433d87433 00104070aATENEOMbATENEOMcSVId2008-01-17eSCl0oD-6222p901091344r2023-02-23 00:00:00w2023-02-23yMONOGRAFIA